Jugadores Mallorca en Primera desde 2000/01 - Estadísticas

Estadísticas generales
  • Esta prueba ha sido intentada 27 veces
  • La puntuación promedio es 67 de 220
Estadísticas de respuestas
Hint Respuesta % Correcto
Camerún Etoo
91%
Kosovo Muriqi
86%
Eslovaquia Greif
82%
España Raíllo
82%
Japón Kubo
73%
Canadá Larin
73%
España Maffeo
73%
Serbia Rajkovic
73%
Portugal Samu Costa
73%
España Jaume Costa
68%
Corea del Sur Kang In Lee
68%
España Manolo Reina
68%
Eslovaquia Valjent
68%
España Abdón
64%
España Dani Rodriguez
64%
España Güiza
64%
España Lato
64%
España Manu Morlanes
64%
España Antonio Sanchez
59%
Israel Aouate
59%
Venezuela Arango
59%
Uruguay Gio González
59%
Costa de Marfil Lago Junior
59%
España Omar Mascarell
59%
España Sergi Darder
59%
Bélgica Van der Heyden
59%
Ghana Baba
55%
España Copete
55%
España Leo Román
55%
España Nadal
55%
Senegal Amath
50%
España Ángel
50%
Croacia Budimir
50%
Uruguay Chori Castro
50%
España Javi Llabrés
50%
Zimbaue Kadewere
50%
Camerún Webo
50%
España Brian Oliván
45%
Venezuela Cucho Hernandez
45%
Francia Grenier
45%
Estados Unidos Hoppe
45%
España Martí
45%
Japón Okubo
45%
España Salva Sevilla
45%
Argentina Ariel Ibagaza
41%
España Edu Moya
41%
España Moyá
41%
Serbia Nastasic
41%
España Paco Soler
41%
Uruguay Pandiani
41%
España Sergio Rico
41%
España Soler
41%
España Aduriz
36%
España Antonio López
36%
España Borja Valero
36%
Argentina Cufré
36%
España David Navarro
36%
España Fernando Navarro
36%
España Gayá
36%
Israel Hemed
36%
España Jordi López
36%
España Jorge López
36%
España Luis García
36%
Argentina Luka Romero
36%
Argentina Máxi López
36%
Guinea Ecuatorial Nsue
36%
Portugal Nunes
36%
Argentina Roa
36%
España Sastre
36%
España Ximo Navarro
36%
España Xisco Campos
36%
Suecia Augustinsson
32%
España Brandon
32%
México Giovani Dos Santos
32%
Argentina Jonás Gutiérrez
32%
Argentina Leo Franco
32%
España Pozo
32%
España Prats
32%
España Ramis
32%
Serbia Stankovic
32%
España Víctor Casadesús
32%
Japón Aki
27%
España Albert Luque
27%
Grecia Basinas
27%
España Bigas
27%
España Carlitos
27%
España Cendrós
27%
España Colsa
27%
Holanda De Guzmán
27%
España Fer Niño
27%
Venezuela Julio Álvarez
27%
Mali Keita
27%
España Kevin
27%
Argentina Lux
27%
Brasil Mattioni
27%
España Niño
27%
España Olaizola
27%
España Pedraza
27%
Francia Pereira
27%
Uruguay Pezzolano
27%
España Raúl Martín
27%
Argentina Russo
27%
Francia Salibur
27%
España Toni González
27%
Argentina Trejo
27%
España Tristán
27%
España Tuni
27%
España Aleix Febas
23%
España Álex Alegría
23%
España Ayoze
23%
España Ballesteros
23%
España Borja
23%
Portugal Bruno China
23%
Argentina Chavarría
23%
Brasil Cleber Santana
23%
España Corrales
23%
Montenegro Delibasic
23%
Uruguay De los Santos
23%
España Engonga
23%
España Farinós
23%
Bosnia Hadzikadunic
23%
Colombia Harold Lozano
23%
España Javi Márquez
23%
Brasil Joao Victor
23%
España Josemi
23%
España Jurado
23%
Grecia Koutris
23%
Argentina Lussenhoff
23%
España Marc Fernández
23%
Bélgica Ogunjimi
23%
Serbia Paunovic
23%
Argentina Pereyra
23%
España Pina
23%
España Rubén
23%
España Ruiz de Galarreta
23%
Macedonia Trajkovski
23%
España Varela
23%
España Alberto
18%
España Alfaro
18%
España Álvaro Novo
18%
España Arizmendi
18%
Argentina Battaglia
18%
Uruguay Cáceres
18%
España Calatayud
18%
España Campano
18%
España Carreras
18%
España Chico
18%
Argentina Christian Díaz
18%
España Cortés
18%
España Fran Gámez
18%
Brasil Geromel
18%
Escocia Hutton
18%
Serbia Jankovic
18%
España Juanmi Callejón
18%
Corea del Sur Ki sung Yueng
18%
Ghana Lumor
18%
España Mario Suárez
18%
España Martí Crespi
18%
España Mboula
18%
Argentina Mono Burgos
18%
España Parera
18%
España Perera
18%
Argentina Pisculichi
18%
España Poli
18%
España Riera
18%
España Robles
18%
España Rubén Miño
18%
Argentina Scaloni
18%
Serbia Sedlar
18%
España Sergi Enrich
18%
España Tejera
18%
Argentina Tissone
18%
España Álvaro
14%
Ghana Baba Rahman
14%
Argentina Biagini
14%
Holanda Bruggink
14%
España Carmona
14%
Grecia Choutos
14%
Brasil Conceicao
14%
Uruguay Correa
14%
Italia Doni
14%
España Dorado
14%
España Fabricio
14%
Nigeria Finidi George
14%
España Fontás
14%
España Héctor
14%
Italia Iuliano
14%
Camerún Kome
14%
España Losada
14%
España Luna
14%
Argentina Maciel
14%
España Marcos Valés
14%
España Miki
14%
España Nagore
14%
Brasil Nene
14%
España Pablo Marí
14%
Italia Potenza
14%
Brasil Ratinho
14%
España Señé
14%
Argentina Siviero
14%
Argentina Tuzzio
14%
España Vicente
14%
Holanda Westerveld
14%
España Armando
9%
Argentina Cavenaghi
9%
España Cordero
9%
Brasil Felipe Melo
9%
Uruguay Ligüera
9%
España Marcos
9%
España Molinero
9%
Suiza Muller
9%
España Rafita
9%
Argentina Romeo
9%
España Toni Muñoz
9%
Argentina Turu Flores
9%
España Yordi
9%
Holanda Zuiverloon
9%
España Braulio
5%
No se encontraron pruebas coincidentes
Distribución de puntuación
Porcentaje de gente con cada puntuación
Porcentaje por número respondido
Historial de tus puntuaciones
No has intentado esta prueba.